Jugadores españoles en la Serie A en el siglo XXI - Estadísticas

Estadísticas generales
  • Esta prueba ha sido intentada 4 veces
  • La puntuación promedio es 25 de 97
Estadísticas de respuestas
Año del debut Club del debut Partidos totales en Serie A Respuesta % Correcto
2014-15 Juventus 172 Álvaro Morata
100%
2014-15 AC Milán 36 Diego López
100%
2013-14 Juventus 100 Fernando Llorente
100%
2025-26 Como 1907 31 Jesús Rodríguez
100%
2013-14 SSC Nápoles 305 José Callejón
100%
2019-20 AS Roma 53 Pau López
100%
2020-21 AS Roma 187 Pedro Rodríguez
100%
2024-25 Como 1907 33 Sergi Roberto
100%
2023-24 Génova 91 Aarón Martín
67%
2010-11 AC Cesena 33 Alejandro Rodríguez
67%
2012-13 Fiorentina 268 Borja Valero
67%
2014-15 SSC Nápoles 57 David López
67%
2022-23 AS Roma 38 Diego Llorente
67%
2018-19 SSC Nápoles 125 Fabián Ruiz
67%
2014-15 AC Milán 10 Fernando Torres
67%
2001-02 SS Lazio 20 Gaizka Mendieta
67%
2016-17 AC Milán 17 Gerard Deulofeu
67%
2022-23 Sampdoria 11 Jesé Rodríguez
67%
2019-20 SS Lazio 24 Jony Rodríguez
67%
2024-25 AS Roma 35 Mario Hermoso
67%
2004-05 SS Lazio 14 Óscar López
67%
2022-23 US Lecce 4 Pablo Rodríguez
67%
2013-14 SSC Nápoles 202 Pepe Reina
67%
2001-02 Brescia 28 Pep Guardiola
67%
2013-14 SSC Nápoles 188 Raúl Albiol
67%
2018-19 AC Milán 103 Samu Castillejo
67%
2024-25 Como 1907 43 Alberto Moreno
33%
2024-25 Como 1907 43 Álex Valle
33%
2015-16 Fiorentina 51 Cristian Tello
33%
2024-25 Fiorentina 72 David De Gea
33%
2014-15 Génova 177 Iago Falqué
33%
2025-26 Como 1907 32 Jacobo Ramón
33%
2001-02 AC Milán 16 Javi Moreno
33%
2013-14 Fiorentina 49 Joaquín
33%
2000-01 AC Milán 52 José Mari
33%
2023-24 Génova 46 Josep Martínez
33%
2024-25 Bolonia 63 Juan Miranda
33%
2016-17 SS Lazio 242 Luis Alberto
33%
2021-22 Udinese Calcio 122 Pablo Marí
33%
2016-17 US Sassuolo 159 Pol Lirola
33%
2014-15 AC Milán 145 Suso
33%
2010-11 SSC Nápoles 6 Víctor Ruiz
33%
2024-25 Parma 53 Adrián Bernabé
0%
2009-10 Genoa 28 Alberto Zapater
0%
2017-18 Torino 84 Álex Berenguer
0%
2009-10 Udinese Calcio 17 Alex Geijo
0%
2023-24 AC Milán 26 Álex Jiménez
0%
2025-26 US Lecce 9 Álex Sala
0%
2021-22 Fiorentina 25 Álvaro Odriozola
0%
2023-24 AS Roma 61 Angeliño
0%
2013-14 Cagliari 2 Antonio Adán
0%
2011-12 AS Roma 52 Bojan Krkic
0%
2020-21 AS Roma 36 Borja Mayoral
0%
2025-26 AS Roma 4 Bryan Zaragoza
0%
2019-20 AS Roma 54 Carles Pérez
0%
2010-11 Genoa 15 Chico Flores
0%
2017-18 Benevento 1 Christian Rutjens
0%
2023-24 Juventus 14 Dean Huijsen
0%
2010-11 AC Milán 1 Dídac Vilà
0%
2015-16 Génova 21 Diego Capel
0%
2007-08 US Livorno 21 Diego Tristán
0%
2024-25 Bolonia 1 Estanis Pedrola
0%
2010-11 Parma FC 17 Fernando Marqués
0%
2021-22 Sampdoria 9 Gerard Yepes
0%
2019-20 AS Roma 57 Gonzalo Villar
0%
2024-25 Udinese Calcio 37 Iker Bravo
0%
2018-19 AS Roma 10 Iván Marcano
0%
2009-10 Udinese Calcio 14 Jaime Romero
0%
2000-01 Inter de Milán 49 Javier Farinós
0%
2010-11 SS Lazio 21 Javier Garrido
0%
2004-05 Fiorentina 11 Javier Portillo
0%
2022-23 US Lecce 64 Joan González
0%
2015-16 Fiorentina 5 Joan Verdú
0%
2023-24 Hellas Verona 11 Jordi Mboula
0%
2011-12 AS Roma 27 José Ángel Cote
0%
2011-12 Bolonia 17 José Crespo
0%
2012-13 Catania FC 23 Keko Gontán
0%
2024-25 Venezia 51 Kike Pérez
0%
2000-01 Udinese Calcio 67 Luis Helguera
0%
2013-14 Fiorentina 58 Marcos Alonso
0%
2022-23 SS Lazio 88 Mario Gila
0%
2015-16 Fiorentina 9 Mario Suárez
0%
2015-16 Inter de Milán 3 Martín Montoya
0%
2012-13 Bolonia 1 Martí Riverola
0%
2014-15 SSC Nápoles 3 Michu
0%
2025-26 SSC Nápoles 28 Miguel Gutiérrez
0%
2023-24 Udinese Calcio 61 Oier Zárraga
0%
2015-16 SS Lazio 186 Patric Gabarrón
0%
2024-25 SSC Nápoles 4 Rafa Marín
0%
2025-26 Torino 16 Rafa Obrador
0%
2019-20 SS Lazio 13 Raúl Moro
0%
2014-15 Torino 6 Rubén Pérez
0%
2020-21 Spezia 50 Salva Ferrer
0%
2024-25 US Lecce 47 Tete Morente
0%
2018-19 Fiorentina 3 Tòfol Montiel
0%
2010-11 Parma FC 3 Toni Calvo
0%
2013-14 SSC Nápoles 2 Toni Doblas
0%
No se encontraron pruebas coincidentes
Distribución de puntuación
Porcentaje de gente con cada puntuación
Porcentaje por número respondido
Historial de tus puntuaciones
No has intentado esta prueba.